| 000 | 00573 a2200205 4500 | ||
|---|---|---|---|
| 001 | 63537 | ||
| 005 | 20260407155934.0 | ||
| 008 | 260407a1967 arg spa d | ||
| 003 | AR-UNSa-BCEJYS | ||
| 040 |
_aAR-UNSa-BCEJYS _bspa _cAR-UNSa-BCEJYS |
||
| 080 |
_a658.011.56 _xAutomatización |
||
| 245 | 1 | 0 | _aEl tratamiento automático de la información |
| 264 | 1 |
_aBilbao : _bEdiciones Deusto _c1967 |
|
| 300 |
_a116 p. _c21 cm. |
||
| 041 | _aspa | ||
| 942 | _cBK | ||
| 590 | _aniveau_biblio:m niveau_hierar:0 | ||
| 100 | 1 | _aLittmann, Hans Eduard | |
| 700 | 1 | _aSole, Rosario | |
| 999 |
_c8222 _d8222 |
||